| 000 | 00827nam a2200241 a 4500 | ||
|---|---|---|---|
| 999 |
_c11349 _d11349 |
||
| 001 | 11349 | ||
| 003 | BD-JhCC | ||
| 005 | 20220201134022.0 | ||
| 008 | 190631b20152018bg a|||| ||a| 000 0 ben d | ||
| 020 | _a9847009603208 | ||
| 035 | _a(BD-JhCC)11349 | ||
| 040 |
_aBD-JhCC _dBD-JhCC |
||
| 041 | _aben | ||
| 082 |
_a510.76 _bSAR 2018 |
||
| 100 | _aসরকার, দিপু | ||
| 245 |
_aসংখ্যাতত্ত্ব: লক্ষ্য যখন অলিম্পিয়াড / _cদিপু সরকার, রাফে জায়েদ । |
||
| 260 |
_aঢাকা: _bতাম্রলিপি; _c২০১৮. |
||
| 300 |
_a৪৯৩ পৃ. : _bill; _c২২ সেমি. |
||
| 650 | _aNumbring | ||
| 700 | _aজায়েদ, রাফে | ||
| 942 |
_2ddc _cBK _08 |
||